000 01033nam a22003257a 4500
003 CHAP
005 20220329141556.0
008 971013s1964 r 00010 d
010 _a70381
011 _a71353
035 _a80907
040 _cCHAP
090 _aTesis
100 0 0 _aCajuste, Lenom J.
_917256
245 _aEstudio pedogenético del Campo Experimental de Hule El Palmar, Ver.
260 _aChapingo, Méx. :
_bEl autor,
_c1964
300 _a102 p.
_b: ilus
502 _aTesis (M.C. Esp. en Suelos) -- ENA. Colegio de Postgraduados
590 _aALEPH
_b10
_c20130110
_lUCH01
_h1410
590 _aBATCH-UPD
_b10
_c20130110
_lUCH01
_h0022
590 _aBATCH-UPD
_b10
_c20130110
_lUCH01
_h1919
590 _aCONVERSION
_b10
_c20130109
_lUCH01
_h1339
650 1 4 _aSuelos tropicales.
_9110563
650 1 4 _aSuelos
_zVeracruz.
_9110530
901 _aBK
942 _cFOLL
949 _bBC
_cTES
_d-33932
_eTS1
_i80907
_si
949 _bBC
_cTES
_d-33933
_eTS2
_fc.2
_i80907
_si
949 _bBC
_cTES
_d-33934
_eTS2
_fc.3
_i80907
_si
999 _c70381
_d70381